Cette Créature est-elle sur Minecraft ? #2 - Statistiques

Statistiques générales
  • Ce quiz a été pris 199 fois
  • Le résultat moyen est 15 sur 20
Answers on the Grid
Answers color-coded by a green-red scale on the quiz's grid according to % correct below.
Ghast
Phantom
Abeille
Crabe
Têtard
Creaking
Araignée
Chèvre
Lama
Panda
Âne
Chauve-souris
Tigre
Cochon
Lapin
Morue
Poulpe
Poule
Ravageur
Slime
Dromadaire
Dauphin
Lion
Kazakhstan
The Rock
Lampion
Crocodile
Canard
Grizzly
Scolopandre
Bar
Baleine
Aigle
Mouette
Narval
Singe
Quird
Froze
Cafard
Serpent
 
Statistiques - réponses
Réponse % Correct
Cochon
90%
Poule
90%
Slime
90%
Chauve-souris
89%
Poulpe
87%
Ghast
86%
Lapin
86%
Lama
84%
Panda
83%
Abeille
81%
Araignée
81%
Âne
79%
Dauphin
79%
Phantom
74%
Chèvre
71%
Morue
67%
Ravageur
64%
Dromadaire
61%
Têtard
57%
Creaking
30%
Aucun quiz correspondant
Distribution des résultats
% des personnes avec chaque résultat
Percentile par nombre de réponses
Votre historique - résultats
Vous n’avez pas pris ce quiz